Релігійна політика Речі Посполитої на Волині наприкінці XVІ – у першій половині XVІІ ст. (Запис № 417837)

МАРК-запис
000 -LEADER
fixed length control field 00956caa a22002417a 4500
001 - CONTROL NUMBER
control field 129936
003 - CONTROL NUMBER IDENTIFIER
control field UA-OsUOA
005 - DATE AND TIME OF LATEST TRANSACTION
control field 20200121125408.0
007 - PHYSICAL DESCRIPTION FIXED FIELD--GENERAL INFORMATION
fixed length control field ta
008 - FIXED-LENGTH DATA ELEMENTS--GENERAL INFORMATION
fixed length control field 20180331b un ||||| |||| 00| 0 ukr d
040 ## - CATALOGING SOURCE
Original cataloging agency UA-OsUOA
Language of cataloging ukr
Transcribing agency UA-OsUOA
Modifying agency UA-OsUOA
041 ## - LANGUAGE CODE
Language code of text/sound track or separate title ukr
080 ## - UNIVERSAL DECIMAL CLASSIFICATION NUMBER
Universal Decimal Classification number 908
090 ## - LOCALLY ASSIGNED LC-TYPE CALL NUMBER (OCLC); LOCAL CALL NUMBER (OCLC)
Classification number (OCLC) (R) ; Classification number, CALL (RLIN) (NR) 908
Local cutter number (OCLC) ; Book number/undivided call number, CALL (RLIN) А92
100 ## - MAIN ENTRY--PERSONAL NAME
Personal name Атаманюк Л.
245 ## - TITLE STATEMENT
Title Релігійна політика Речі Посполитої на Волині наприкінці XVІ – у першій половині XVІІ ст.
Statement of responsibility, etc Л. Атаманюк
300 ## - PHYSICAL DESCRIPTION
Extent С. 167–173
650 #7 - SUBJECT ADDED ENTRY--TOPICAL TERM
Topical term or geographic name as entry element 908 Краєзнавство
Source of heading or term UDC
773 0# - HOST ITEM ENTRY
Host Biblionumber 318345
Host Itemnumber 334428
Place, publisher, and date of publication Острог Національний університет "Острозька академія" 2002
Other item identifier 60656
Title Наукові записки
Record control number (UA-OsUOA) 31910
International Standard Book Number 966-95-166-9-2
942 ## - ADDED ENTRY ELEMENTS (KOHA)
Koha item type Складова частина документа
Source of classification or shelving scheme Universal Decimal Classification
955 ## - COPY-LEVEL INFORMATION (RLIN)
Classification number, CCAL (RLIN) Наукові видання

Немає доступних примірників.